[Event "London Classic 11th"]
[Site "London"]
[Date "2019.12.06"]
[Round "2.1"]
[White "Carlsen, Magnus"]
[Black "Aronian, Levon"]
[Result "1-0"]
[WhiteElo "2872"]
[BlackElo "2775"]
[Annotator "Edouard,R"]
[PlyCount "131"]
[EventDate "2019.12.02"]
[EventType "k.o."]
[EventRounds "2"]
[EventCountry "ENG"]
[SourceTitle "CBM 194"]
[Source "ChessBase"]
[SourceDate "2020.01.27"]
[SourceVersion "1"]
[SourceVersionDate "2020.01.27"]
[SourceQuality "1"]

1. d4 Nf6 2. Nf3 d5 3. Bf4 c5 4. e3 Nc6 5. Nbd2 $5 {An interesting move order,
threatening to take on c5.} cxd4 {Let's see two major nuances between the
moves 5.c3 and 5.Nbd2.} (5... Qb6 6. dxc5 $1 Qxb2 (6... Qxc5 7. c4 e6 8. a3 Be7
9. b4 Qb6 10. Bd3 $14 {1-0 (39) Wei Yi (2748)-Le Tuan Minh (2485) Ashgabat 2017
}) 7. Rb1 Qc3 (7... Qa3 8. Bb5 (8. Nd4 $2 e5 9. Nb5 Qa5 10. Bg3 Bxc5 $19 {
0-1 (36) Nguyen Ngoc Truong Son (2630)-Sethuraman,S (2646) Riyadh 2017}) 8...
a6 9. Bxc6+ bxc6 10. O-O g6 11. c4 $1 $146 Bg7 (11... Qxc5 12. Qa4 $16) 12.
cxd5 Nxd5 13. Be5 O-O 14. Bxg7 Kxg7 15. Qc2 $14) 8. Bb5 (8. Rb3 Qxc5 9. Qb1 e6
10. Rxb7 Bd6 11. Rb5 Qa3 12. Rb3 Qc5 $11 {½-½ (44) Gupta,A (2626)-Kollars,D 
(2503) Zalakaros 2017}) 8... e6 (8... Bd7 9. O-O e6 10. Be2 Na5 11. Ne5 Bxc5
12. Nb3 $36 {0-1 (49) Harikrishna,P (2726)-Caruana,F (2828) Saint Louis 2019})
9. O-O Be7 (9... Qxc5 $6 10. c4 Be7 (10... a6 11. Bxc6+ bxc6 12. Ne5 Bd6 13.
Nd3 {1-0 (13) Mikaelyan,A (2474)-Tabatabaei,M (2548) Yerevan ARM 2017}) 11. Nb3
Qa3 12. Ne5 a6 13. Bxc6+ bxc6 14. Nxc6 Bd7 15. Nxe7 Qxe7 16. Be5 O-O 17. cxd5
Nxd5 18. e4 f6 19. Bd4 Nf4 20. Bc5 $16 {1-0 (29) Naiditsch,A (2702)-Wells,P 
(2447) Antalya 2017}) (9... Bxc5 $6 10. Be5 Qa3 11. Bb2 Qa5 12. Bxf6 gxf6 13.
c4 $44 {1-0 (54) Deac,B (2549)-Schnider,G (2430) Graz 2018}) 10. Ne5 (10. Nd4
Qxc5 11. N2b3 Qb6 12. Nd2 Qc5 13. N2b3 Qb6 14. Nd2 Qc5 $11 {½-½ (15) Li
Shilong (2495)-Harikrishna,P (2734) China 2018}) 10... Bd7 11. Nd3 {The latest
trend.} (11. Ndf3 Qxc5 (11... O-O 12. e4 Rfd8 13. Nxd7 Nxd7 14. exd5 exd5 15.
Re1 Qxc5 16. Bd3 Nb6 17. Rb5 Qa3 18. Rb3 Qc5 19. Ne5 $36 {1-0 (24) Kravtsiv,M 
(2655)-Ghosh,D (2536) Bhubaneswar 2018}) 12. c4 Nxe5 13. Nxe5 Bxb5 14. Rxb5 Qc8
15. Qb1 O-O 16. Rxb7 Bc5 $11 {½-½ (38) Kravtsiv,M (2635)-Csonka,B (2481)
Hungary 2019}) (11. Nxd7 Nxd7 12. e4 O-O $6 (12... a6 $1 $13) 13. exd5 exd5 14.
Ne4 dxe4 15. Qxd7 Qxc5 16. Qxb7 Nd4 17. Be3 $14 {½-½ (49) Livaic,L (2474)
-Loiseau,Q (2443) Zadar 2018}) 11... O-O (11... Rc8 12. Nb3 O-O 13. a3 $5 $146
{avoiding ...Nb4; White wants to go 14.f3 with the idea Bg3-Be1.}) 12. Bc7 $1 {
White is trying to trap the black queen!} b6 $1 {With this move, Black seems
to hold.} (12... Ne8 $6 13. Rb3 Qf6 14. Bg3 $1 {is already bad for Black, and
was played in many games.}) (12... Rac8 $2 13. Rb3 $18) 13. a4 $5 Ne8 14. Be5
$5 (14. Rb3 $6 Qa5 15. Nb2 Nxc7 16. Ndc4 {White gets the black queen, but at
the cost of too many pieces.} dxc4 17. Nxc4 Be8 18. Nxa5 Nxa5 19. Rb1 Nxb5 20.
axb5 Bxc5 $15 {0-1 (41) Tang,A (2507)-Balakrishnan,P (2411) Saint Louis 2018})
14... Nxe5 15. Rb3 Qa5 16. Nxe5 Bxb5 17. axb5 Bxc5 (17... bxc5 18. Nd7 c4 $44)
18. Nd7 Nd6 19. Nxf8 Rxf8 20. c3 Nxb5 21. Qa1 Na3 (21... Nd6 $1 $11) 22. Qb2
Nc4 23. Nxc4 dxc4 24. Rb5 Qa6 25. Ra1 Rd8 26. h4 Qc8 27. Qa2 a5 28. Qxc4 $14 {
1-0 (54) Nabaty,T (2639)-Fridman,D (2627) Bremen 2019}) (5... Nh5 6. dxc5 Nxf4
7. exf4 Qa5 (7... e6 8. Nb3 Bxc5 9. Nxc5 Qa5+ 10. c3 Qxc5 11. Bd3 g6 12. g3 Bd7
13. Qe2 d4 14. Rc1 O-O 15. O-O $14 {½-½ (56) Blohberger,F (2447)-Blagojevic,
D (2497) Skopje 2018}) 8. c4 $5 $146 (8. Bd3 Qxc5 9. O-O g6 $132 {0-1 (33)
Gajewski,G (2623)-Santos Ruiz,M (2583) Dresden 2019}) 8... Qxc5 9. a3 e6 10.
Bd3 Be7 11. O-O O-O 12. Rc1 Qd6 13. g3 {and White's position looks more
pleasant.}) 6. exd4 Qb6 $5 {Why not!? Against almost any move, White would
follow with c3 and transpose into a regular London opening position.} 7. Nb3
Bg4 ({Later in the match, Aronian tried to improve on this game with} 7... a6 {
but also failed to equalize:} 8. Be2 Bg4 9. a4 e6 10. a5 Qd8 11. Ne5 Bxe2 12.
Qxe2 Rc8 13. c3 $36 {1-0 (36) Carlsen,M (2872)-Aronian,L (2775) London 2019}) (
7... Bf5 8. a4 $5 a6 9. a5 Qd8 10. c3 (10. Bd3 Bxd3 11. Qxd3 e6 12. O-O Be7 13.
Ne5 O-O 14. Nxc6 bxc6 15. Rfc1 Qd7 16. c4 Qb7 $11 {0-1 (45) Kravtsiv,M (2685)
-Bok,B (2622) Batumi 2018}) 10... e6 11. Ne5 Be7 12. Be2 O-O 13. O-O Nd7 14.
Nd3 {could be the kind of positions Magnus wanted to play.}) 8. a4 $5 a6 (8...
a5 $6 9. Bb5 e6 10. h3 Bxf3 11. Qxf3 Bb4+ 12. c3 Be7 13. Nd2 $14 {1-0 (66)
Unuk,L (2343)-Pychova,N (2201) Rymanow-Zdroj 2017}) 9. a5 Qa7 $6 (9... Qd8 {
was certainly a bit more natural.}) 10. c3 e6 11. Be2 ({I couldn't see a good
reason not to play} 11. h3 $5 {except that after} Bxf3 12. Qxf3 b5 13. axb6
Qxb6 {the b3-knight is unprotected, but it isn't a big deal:} 14. Qd1 {and
White is definitely better.}) 11... Nh5 12. Be3 (12. Be5 $5 $14) 12... Qb8 13.
h3 Bxf3 14. Bxf3 Nf6 15. Be2 Bd6 16. Bd3 O-O 17. O-O Qc7 18. Re1 {Black's
position is almost equal, but he's simply running out of useful moves. In
order to get counterplay, he should play ...b6 or ...e5 at some point, but in
the game he could never do it under good conditions.} Kh8 19. Qf3 Rae8 (19...
e5 20. dxe5 Nxe5 21. Qf5 $14) 20. Bg5 Ng8 21. Re2 Nge7 (21... f6 22. Bd2 f5 $5
{is a good try.} (22... e5 $2 23. Qxd5 $18) 23. Rae1 Nf6 $1 24. Rxe6 Rxe6 25.
Rxe6 Ne4 26. Bxe4 $1 dxe4 27. Qh5 Qd7 28. d5 Nd8 29. Rxd6 Qxd6 30. c4 $14) 22.
Qh5 Ng6 23. Bc2 Kg8 24. Bd2 $5 {Not giving Black time for ...f6 and ...Qf7.}
Nb4 25. Bb1 Nc6 26. Bd3 Rb8 (26... e5 27. Rae1 $1 e4 $2 28. Qxd5 $18) 27. Be3
Rfe8 $6 (27... b6 28. axb6 Rxb6 29. Nc5 $16) (27... Rbe8 $1 28. g3 f5 $1 29.
Rae1 Rf7 30. Bd2 Nf8 $132 {The f-rook is important to prevent Bxf5 ideas.}) 28.
g3 $1 {White slowly makes progress.} Nf8 (28... f5 29. Rae1 $16) 29. Bc2 b6 {
Aronian probably felt like he had waited enough!} (29... Re7 30. h4 $14) 30.
axb6 Rxb6 31. Bc1 $5 (31. Nc5 $5) 31... Reb8 32. Nc5 e5 {Again - this looks
like desperation! But White's position is no longer that easy to play.} (32...
a5 33. Nd3 $16) 33. Nxa6 Qa7 34. dxe5 g6 35. Qg4 Nxe5 36. Qa4 Rc8 37. Be3 d4 $1
38. Bxd4 $2 {And Carlsen blunders with an extra hour on the clock!} (38. Nc5 $1
{was the right move, with the idea of 39.cxd4, while} Qxa4 39. Nxa4 {is just
bad for Black.}) (38. cxd4 $2 Nf3+ 39. Kh1 Qb7 $44) 38... Nf3+ $2 ({Missing} 
38... Rc4 $1 39. b4 (39. Qa2 Nf3+ 40. Kg2 Nxd4 41. cxd4 Rxd4 42. Be4 Ne6 $44)
39... Nf3+ 40. Kg2 Nxd4 41. cxd4 Rxd4 $11) 39. Kg2 Nxd4 40. Qxd4 Ne6 41. Rxe6
$5 (41. Qe3 {is close to a win, but Black seems to hold with a series of only
moves:} Bc5 $8 42. Nxc5 Qxa1 43. Nd7 Rxb2 44. Qh6 Kh8 45. Nf6 Nf8 46. Ne8 Qa8+
$8 47. Be4 Rxe8 48. Bxa8 Rbxe2 {with serious drawing chances for Black.}) 41...
fxe6 42. Be4 Rf8 43. Ra2 Rb7 44. Qxa7 Rxa7 45. b4 Rb8 $2 {In time trouble,
Aronian couldn't find how to limit the damage of the white pawns.} (45... Rc8
$1 {would have made White's task far more difficult:} 46. b5 Rxc3 47. b6 Rf7
48. Rd2 Rc4 $8 49. Bf3 Rc3 $8 {and there is no win for White, e.g.} 50. Bg4 Rc6
51. Bxe6 Rxb6 52. Bxf7+ Kxf7 $14) 46. c4 $1 {Now White pushes his pawn and
wins.} Rb6 (46... Bxb4 47. Nxb4 $18) 47. b5 Kf7 48. Rc2 (48. Ra4 {with the
idea Bc6 and c5 might have been stronger. A very instructive manoeuvre by the
way!}) 48... Rbxa6 49. bxa6 Rxa6 50. c5 Be5 51. c6 Ra7 52. h4 {With a few
minutes left and an hour less against the World Champion, chances to hold this
endgame are close to zero.} Kf6 53. Rd2 Bc3 54. Rd3 Bb4 55. Kh3 Be7 56. f3 e5
57. Rc3 Bd6 58. Rc1 h6 59. Rd1 Be7 60. Kg4 Kf7 (60... h5+ 61. Kh3 {would be a
success for White: he managed to get the black pawns on light squares and will
now go the other way around with his king, or push g4.}) 61. Rb1 Bd6 62. h5 $1
{This is even worse for Black.} gxh5+ 63. Kxh5 Kg7 64. Rd1 Bb4 65. Rd5 Re7 66.
Bf5 {The bishop goes to d7 and the gave is over.} 1-0

[Event "World Rapid 2019"]
[Site "Moscow"]
[Date "2019.12.28"]
[Round "12.1"]
[White "Aronian, Levon"]
[Black "Carlsen, Magnus"]
[Result "0-1"]
[WhiteElo "2775"]
[BlackElo "2872"]
[Annotator "Nielsen,Peter Heine"]
[PlyCount "118"]
[EventDate "2019.12.26"]
[EventType "rapid"]
[EventCountry "RUS"]
[SourceTitle "CBM 193 Extra"]
[Source "ChessBase"]
[SourceDate "2020.01.31"]
[SourceVersion "1"]
[SourceVersionDate "2020.01.31"]
[SourceQuality "1"]

{[%evp 0,118,43,27,27,15,15,15,10,20,38,31,30,8,11,17,30,15,14,-17,-17,-21,-14,
-14,-5,-5,-4,-7,-4,-9,34,7,19,19,38,42,7,7,55,63,59,44,58,52,65,51,51,55,44,49,
49,16,50,30,51,51,54,68,57,8,59,65,69,-101,-101,-93,-118,-118,-118,-144,-144,
-140,-137,-150,-137,-137,-148,-148,-151,-151,-159,-268,-287,-287,-270,-270,
-270,-270,-200,-234,-277,-256,-258,-253,-253,-284,-324,-324,-205,-205,-175,
-175,-227,-181,-173,-279,-73,-73,0,0,0,-26,-23,-103,-77,-132,-161,-198,-160,
-29989,-29990]} 1. d4 Nf6 2. c4 e6 3. Nf3 d5 4. Nc3 c5 5. cxd5 exd5 $5 {
Generally known to be a mistaken move order, but as the world champion played
it 4 times recently in rapid and blitz games, he might not fully agree. The
"refutation" is supposed to be 6.Bg5, but against Vidit and Wojtaszek Magnus
scored 1½/2 even if both times he was somewhat worse after the opening.
Aronian, like his compratiot and second Melkumyan, chooses just to transpose
to the standard lines of the Tarrasch defence.} 6. g3 Nc6 7. Bg2 cxd4 $5 {
Kasparov, and thus everybody else following him, used to play 7...Be7 back in
the days, but recently Dubov has brought attention to this rare idea,
employing it in numerous games.} 8. Nxd4 Bc5 9. Nxc6 (9. Nb3 {is also a
relevant move, as after} Bb6 {White can win a pawn in numerous way, but with
Black always getting good practical compensation. Even so, Magnus played like
this as White excactly against Dubov on the final day of the blitz, managing
to tame the black initiative and eventually win the game.}) 9... bxc6 10. O-O
O-O 11. Qc2 Bb6 12. Na4 Bd7 13. b3 $5 {Melkumyan took on b6 followed by b4,
but Levon has a different concept in mind, just playing very logical
common-sense moves.} Re8 14. Bb2 {It would be easy to describe this position
as just pleasant for White. Finachettoed bishops, the knight well placed
dominating Black's bishop and controlling the weak square on c5. Black has
"hanging" pawns, and even should he get ready for e.g. ...Rc8 and ...c5, there
will be Bxf6 followed by Bxd5. Pleasant position for White, with no real
counterplay for Black? Well, these days we know better:} h5 $1 15. h4 $5 {
Aronian take measures to prevent the black pawn from reaching h3.} (15. Rfd1 h4
16. Nxb6 axb6 17. Rd4 h3 18. Bf3 {was another interesting option, with the
computer suggesting} c5 $5 19. Rxd5 Nxd5 20. Bxd5 Qg5 21. Bxa8 Rxa8 {as the
optimal line of play, with Black having just about sufficient compensation for
the pawn.}) 15... Ne4 16. e3 Rc8 17. Nxb6 axb6 18. Qd1 $1 {Taking White's
perspective, one might say that first he fixed Black's weak pawn, and now he
attacks it! As 18... g6 is out of the question due to the a1-h8 diagonal,
Black has to find a tactical way to justify his play.} Bf5 $5 ({The computers
suggest} 18... Bg4 19. f3 Nxg3 20. fxg4 Qxh4 21. Qf3 f5 {which indeed leads to
an interesting positions, but Magnus has another idea in mind.}) 19. Qxh5 Qd7 {
Ulf Andersson once jokingly stated that if you have an isolated pawn and
blunder it, the good news is that you have no more weaknesses! While if you
blunder one of your hanging pawns, then things are indeed really bad.....
Maybe there is a similar logic to attacking with your flank pawn, in the sense
that if you lose it, no big deal, it was after all just a flank pawn! White
now indeed is a full pawn up, but the knnight on e4 is dominating, with h4
having weakened the g3 pawn, meaning f3 never really is possible.} 20. Qd1 (20.
Bxe4 {would lead to a very interesting position after} dxe4 $5 21. Qg5 f6 $1
22. Bxf6 Bg4 $1 {White now is two full pawns up, but the white squares around
his own king are permanently damaged, and the bishop on g4 also making sure d1
is covered, meaning White can not really access the d-line. The computer calls
it slightly better for White, but from a practical point of view, it could be
easier to play for Black.}) 20... c5 21. Re1 Rcd8 $6 {Too much common sense!} (
21... Rc6 $1 {was stronger, caveman style, swinging the rook to g6 or even h6
attacking the weakened structure. With the computer saying Black is already
better!}) 22. Rc1 Bh3 23. Qf3 f6 24. Bxh3 Qxh3 25. Rcd1 b5 $5 {Just to sit and
wait was also fine, but Magnus, as always, has bigger ambitions than just
splitting the point.} 26. Qg2 Qe6 27. f3 Nd6 28. g4 d4 29. Qd2 ({At first the
engines says that Aronian missed} 29. Qc2 $1 {with a major edge, but then
moderates its statement to Black having quite decent compensation after} Qd5
30. Kg2 f5 $1 31. g5 f4 $1 32. e4 Qe5 {where indeed his prospects again seem
no worse.}) 29... Qd5 30. exd4 c4 31. Ba3 $2 {A peculiar blunder, but most
likely Aronian thought the f3 pawn untouchable as Bxd6 would then win a piece,
having confused that Black can just exchange on e1 first, and then retake on
d6.} (31. Kf2 $1 {was the better move, leading to equality and a likely draw.})
31... Qxf3 32. Qg2 Rxe1+ 33. Rxe1 Qc3 $1 34. Rd1 b4 35. Bb2 {The obvious move,
but} (35. Bc1 $1 {covering e3 would put up a better fight.}) 35... Qe3+ 36. Qf2
Qh3 37. Qg2 Qe3+ 38. Qf2 Qe4 39. Qg2 c3 40. Bc1 c2 $1 41. Rf1 Qxd4+ 42. Kh2
Qe5+ 43. Kg1 Qc5+ 44. Kh2 Nf7 {Materially technically its equal, but the
c2-pawn is such a big trump that Black is winning.} 45. g5 Qe5+ 46. Kh1 Rd1 47.
g6 Nd8 48. Qf3 Rxf1+ 49. Qxf1 Qe4+ 50. Qg2 Qxh4+ 51. Kg1 Qd4+ 52. Kh2 Qd1 $2
53. Qe4 $1 {Following the game online, the spectators suddenly got a surprise
here, as from Magnus for a while being around +5, the engine-evaluation
dropped to 0.00!White threatens mate on e8, and retreating the queen, would
mean losing the c2-pawn so Magnus only chance is taking his king for a walk.}
Kf8 54. Qxb4+ Ke8 55. Qb5+ $6 {Nothing wrong with the move itself, but
complicating things.} (55. Qa4+ Ke7 56. Ba3+ Ke6 57. Qe4+ $1 {would eventually
lead to a draw by perpetual check.}) 55... Ke7 56. Qc5+ $2 Ke6 57. Qc8+ Ke5 58.
Bb2+ $2 Ke4 {Things have gotten difficult, but 59 a4! might still actually
hold. However, the game came to a for Aronian very brutal end:} 59. Qb7+ $4 (
59. a4 $1) 59... Nxb7 $1 0-1

[Event "World Blitz 2019"]
[Site "Moscow"]
[Date "2019.12.29"]
[Round "12.2"]
[White "Carlsen, Magnus"]
[Black "Artemiev, Vladislav"]
[Result "1-0"]
[WhiteElo "2872"]
[BlackElo "2731"]
[Annotator "Nielsen,Peter Heine"]
[PlyCount "77"]
[EventDate "2019.12.29"]
[EventType "blitz"]
[EventCountry "RUS"]
[SourceTitle "CBM 193 Extra"]
[Source "ChessBase"]
[SourceDate "2020.01.31"]
[SourceVersion "1"]
[SourceVersionDate "2020.01.31"]
[SourceQuality "1"]

{[%evp 0,77,19,31,14,-14,43,38,70,78,78,59,57,55,44,51,51,15,36,47,41,22,40,57,
61,50,48,46,46,77,108,83,107,86,106,78,120,130,114,115,121,131,127,113,148,127,
136,83,104,109,127,104,92,66,199,222,210,220,207,264,271,241,206,245,245,250,
363,212,257,160,229,166,274,313,289,304,537,1259,2466,2809]} 1. d4 Nf6 2. c4 g6
3. Nc3 d5 4. cxd5 Nxd5 5. e4 Nxc3 6. bxc3 Bg7 7. Bc4 c5 8. Ne2 Nc6 9. Be3 O-O
10. h4 $5 {A funny idea hat Magnus also played in the GCT semi-final vs. MVL
as well as on the final day of the blitz vs. Nepomniachtchi.} (10. O-O b6 11.
h4 $5 {Dubov-Svidler, Hamburg 2019.}) 10... Qa5 ({MVL first took on d4, meaning
} 10... cxd4 11. cxd4 Qa5+ {then was check, but after} 12. Kf1 Bd7 13. h5 {
Magnus had quite a promising position eventually being drawn.}) 11. O-O $1 {
After the standard 10.0-0 b6, Dubov played 11 h4!? vs. Svidler in the Hamburg
Grand Prix. And here Magnus has got the same position, just with Black having
played ...Qa5 instead of ...b6, basically meaning White "faked" an attack in
the h-line to get Black taking measures against it only to revert to standard
play, but having forced a concession. At least if one considers ...Qa5 such.
In the game, it clearly is.} Bd7 ({Ian played} 11... Rd8 {but after} 12. Qb3 $1
e6 13. d5 {Magnus had the better position.}) 12. Rb1 Qc7 {With the pawn on h2,
this would be a normal theoretical position, with Black having played ...Qc7
directly. Magnus of course uses the extra tempo to maximum effect:} 13. h5 $1
cxd4 14. cxd4 Rad8 15. h6 $1 Bh8 16. Qc1 {It is interesting that the engines
think White is just winning here. It might take some moves, but his attack is
basically unstoppable already.} Rc8 17. Qd2 Na5 (17... Nxd4 {looks tactically
possible, but runs into a beautiful refutation as after} 18. Bxd4 Bxd4 {
White has} 19. Rfc1 $1 (19. Qxd4 e5 $1) 19... Bc5 20. Qc3 e5 {and now} 21. Rxb7
$1 {wins as} Qxb7 22. Qxe5 {mates.}) 18. Bd3 b6 19. Rbc1 Qb7 20. Bg5 Rfe8 21.
Rxc8 Qxc8 22. Rc1 Qb7 23. d5 Be5 24. Bf4 Qb8 25. Bxe5 Qxe5 26. f4 Qh5 {
Artemiev finally eyes the chance of getting rid of the annoying pawn at h6,
only to get hit from the other side:} 27. Rc7 $1 Bg4 28. Bb5 Rf8 29. Rxe7 Qxh6
30. d6 Qh4 31. Nd4 Rd8 32. e5 Qg3 33. Qf2 $1 {Exchanging queens only favours
White, as by now his passed pawns are unstoppable.} Qc3 34. f5 gxf5 35. Nxf5
Bxf5 36. Qxf5 Qd4+ 37. Qf2 Qd5 38. d7 Qd1+ 39. Bf1 {And here Black resigned.}
1-0